One day it'll all make sense : (Record no. 550)

MARC details
000 -LEADER
fixed length control field 01088cam a22002774a 4500
005 - DATE AND TIME OF LATEST TRANSACTION
control field 20260322212024.0
008 - FIXED-LENGTH DATA ELEMENTS--GENERAL INFORMATION
fixed length control field data
010 ## - LIBRARY OF CONGRESS CONTROL NUMBER
LC control number 2011021691
020 ## - INTERNATIONAL STANDARD BOOK NUMBER
International Standard Book Number 9781451625875 (hardcover : alk. paper)
020 ## - INTERNATIONAL STANDARD BOOK NUMBER
International Standard Book Number 1451625871 (hardcover : alk. paper)
040 ## - CATALOGING SOURCE
Original cataloging agency DLC
Transcribing agency DLC
Modifying agency DLC
-- BTCTA
-- YDXCP
-- LIV
-- BUR
-- BWX
-- GO3
-- DLC
042 ## - AUTHENTICATION CODE
Authentication code pcc
043 ## - GEOGRAPHIC AREA CODE
Geographic area code n-us---
050 00 - LIBRARY OF CONGRESS CALL NUMBER
Classification number ML420.C656
Item number A3 2011
082 00 - DEWEY DECIMAL CLASSIFICATION NUMBER
Classification number B
-- B
Edition information 23
001 - CONTROL NUMBER
control field data
100 1# - MAIN ENTRY--PERSONAL NAME
Personal name Common
Titles and words associated with a name (Musician)
245 10 - TITLE STATEMENT
Title One day it'll all make sense :
Remainder of title a memoir /
Statement of responsibility, etc. Common & Adam Bradley.
250 ## - EDITION STATEMENT
Edition statement 1st Atria Books hardcover ed.
260 ## - PUBLICATION, DISTRIBUTION, ETC.
Place of publication, distribution, etc. New York :
Name of publisher, distributor, etc. Atria Books,
Date of publication, distribution, etc. 2011.
300 ## - PHYSICAL DESCRIPTION
Extent xiv, 305 p., [16] p. of plates :
Other physical details ill. (chiefly col.) ;
Dimensions 25 cm.
520 ## - SUMMARY, ETC.
Summary, etc. The Grammy Award-winning recording artist and actor shares the story of his life, from his youth on Chicago's South side and rise in the hip-hop industry to his movie appearances and the lessons he has learned as a son and a father.
600 00 - SUBJECT ADDED ENTRY--PERSONAL NAME
Personal name Common
Titles and other words associated with a name (Musician)
650 #0 - SUBJECT ADDED ENTRY--TOPICAL TERM
Topical term or geographic name entry element Rap musicians
Geographic subdivision United States
Form subdivision Biography.
700 1# - ADDED ENTRY--PERSONAL NAME
Personal name Bradley, Adam.
Holdings
Withdrawn status Lost status Damaged status Not for loan Home library Current library Shelving location Date acquired Total checkouts Full call number Barcode Date last seen Price effective from Koha item type
        Franklin Franklin General stacks 22/03/2026   782.421649092 B 23 BC0010563 22/03/2026 22/03/2026 Books